000 01242cam a22003497a 4500
003 CHAP
005 20220817042925.0
008 971013s1994 r 00010 d
010 _a59957
011 _a60929
035 _a65093
040 _cCHAP
082 _a634.772025
_bD5 1994
245 0 _aDirectorio de investigadores en banano y plátano, 1994
260 _aMontpellier, France :
_bINIBAP,
_c1994
300 _a336 p.
590 _aBATCH-UPD
_b10
_c20130109
_lUCH01
_h2326
590 _aBATCH-UPD
_b10
_c20130110
_lUCH01
_h0034
590 _aBATCH-UPD
_b10
_c20130110
_lUCH01
_h2328
590 _aBATCH-UPD
_b10
_c20130409
_lUCH01
_h1850
590 _aBATCH-UPD
_b10
_c20130410
_lUCH01
_h1618
590 _aBATCH-UPD
_b10
_c20130913
_lUCH01
_h2216
590 _aCONVERSION
_b10
_c20130109
_lUCH01
_h1332
650 1 4 _aAgrónomos
_xDirectorios.
_92203
650 1 4 _aPlátano
_xDirectorios.
_989225
710 _aUnión de Países Exportadores de Banano.
_9116214
710 0 _aRed Internacional para el Mejoramiento del Banano y el Plátano.
901 _aBK
942 _cLIBRO
949 _a634.772025 D5 1994
_bBC
_cC
_d33724000649869
_eC
_fc.2
_h90410
_i65093
_si
949 _a634.772025 D5 1994
_bBC
_cC
_d33724000649950
_eC
_h90409
_i65093
_mD
_si
999 _c59957
_d59957